| 000 | 00474nam a2200157 i 4500 | ||
|---|---|---|---|
| 001 | 50927 | ||
| 003 | ES-MaACL | ||
| 007 | t| | ||
| 008 | 030807s1977 sp ||||1| spa d | ||
| 020 | _a84-500-2034-4 | ||
| 245 | 0 | 0 |
_aCurso de formación sobre bolsa / _cdirigido por José Luis Campos Echeverría. |
| 260 |
_aMadrid : _bBolsa de Madrid, _c[1977] |
||
| 300 |
_a577 p. ; _c24 cm. |
||
| 700 | 1 |
_aCampos Echeverría, José Luis. _934267 |
|
| 852 |
_aES-MaACL _jL-8691 _bR.110344 |
||
| 999 |
_c50927 _d50927 |
||